000 00612cab a2200229 4500
001 X2355
008 090401t1995 xxu||||| |||| 00| 0 eng d
035 _a(Sirsi) u23585
041 _aeng
245 _aPlan ahead
260 _c1995
350 _a0
490 _aCSM (Chartered Surveyor Monthly)
_v4(7) may 1995, 54(2)
650 _aGENERAL PRACTICE DIVISION
650 _aGP CONFERENCE
650 _aGROVER COMMITTEE
650 _aRICS APPRAISAL AND VALUATION MANUAL
650 _aWHITE BOOK
690 _aMANAGEMENT-BUSINESS MANAGEMENT-PROFESSIONAL PRACTICE
942 _n0
948 _c04/03/1997
999 _c15774
_d15774